[Event "II liga SSCS 2015- zapad"]
[Site "Ravni Gaj"]
[Date "2015.10.11"]
[Round "11.1"]
[White "Misailovic, Nebojsa"]
[Black "Nestorovic, Lazar"]
[Result "1-0"]
[WhiteElo "2326"]
[BlackElo "2333"]
[PlyCount "109"]
[EventDate "2015.09.04"]

1. e4 e5 2. Bc4 Qf6 3. Nf3 d6 4. Nc3 Ne7 5. d4 Bg4 6. Nb5 Na6 7. Be3 Bxf3 8.
gxf3 Ng6 9. Rg1 Nh4 10. Rg3 h6 11. Qe2 Be7 12. O-O-O c6 13. dxe5 dxe5 14. f4
cxb5 15. fxe5 Qxe5 16. f4 Qxe4 17. Bd5 Qf5 18. Rxg7 O-O-O 19. Rxf7 Rxd5 20.
Rxf5 Rxd1+ 21. Kxd1 Nxf5 22. Bxa7 Nc7 23. Bb6 Rd8+ 24. Kc1 Bd6 25. Qe4 Rf8 26.
a4 bxa4 27. Qxa4 Ne7 28. Be3 Ned5 29. Bd2 Bxf4 30. c4 Bxd2+ 31. Kxd2 Rf4 32.
Qa3 Rxc4 33. Qf8+ Kd7 34. Qxh6 Ne6 35. Qh7+ Kc6 36. Qg6 Kd6 37. Qg3+ Kc6 38.
Qg6 Kd6 39. Qg3+ Nef4 40. h4 Rd4+ 41. Kc2 Nb4+ 42. Kc1 Kc5 43. Qe3 Nfd5 44. Qg1
Kc4 45. h5 Nf4 46. Qg8+ Kc5 47. Qg5+ Rd5 48. Qe7+ Kc4 49. h6 Rh5 50. Qf7+ Kd3
51. Qxh5 Nxh5 52. h7 Nf6 53. h8=Q Nfd5 54. Qh3+ Kd4 55. Qh8+ 1-0

[Event "II liga SSCS 2015- zapad"]
[Site "Ravni Gaj"]
[Date "2015.10.11"]
[Round "11.1"]
[White "Misic, Dragan"]
[Black "Muratovic, Efim"]
[Result "1/2-1/2"]
[WhiteElo "2250"]
[BlackElo "2369"]
[PlyCount "51"]
[EventDate "2015.09.04"]

1. d4 Nf6 2. Nf3 g6 3. g3 Bg7 4. Bg2 O-O 5. O-O d6 6. Nbd2 c6 7. c3 Qc7 8. e4
e5 9. dxe5 dxe5 10. Qc2 b6 11. Rd1 Ba6 12. Nf1 Nbd7 13. b3 Rfd8 14. Ba3 Bf8 15.
Bxf8 Nxf8 16. Ne3 Ne6 17. Ne1 Qe7 18. h4 Nc5 19. b4 Ne6 20. Rxd8+ Rxd8 21. Rd1
Kf8 22. a3 Rxd1 23. Qxd1 Qd7 24. Qxd7 Nxd7 25. Bf1 Bxf1 26. Kxf1 1/2-1/2

[Event "II liga SSCS 2015- zapad"]
[Site "Ravni Gaj"]
[Date "2015.10.11"]
[Round "11.1"]
[White "Civric, Zdravko"]
[Black "Stojanovic, Dobrisav"]
[Result "0-1"]
[WhiteElo "2225"]
[BlackElo "2298"]
[PlyCount "128"]
[EventDate "2015.09.04"]

1. d4 d5 2. Bf4 c5 3. e3 Nc6 4. c3 Qb6 5. Qb3 c4 6. Qxb6 axb6 7. Nd2 b5 8. a3
b4 9. cxb4 Nxb4 10. Rc1 Nc6 11. Ngf3 Nf6 12. Be2 e6 13. O-O b5 14. Ne5 Nxe5 15.
Bxe5 Nd7 16. Bf4 Bb7 17. Bf3 f5 18. g4 g6 19. gxf5 gxf5 20. Bh5+ Ke7 21. Nb1
Bg7 22. Nc3 Bc6 23. Na2 Rhg8 24. Kh1 e5 25. Nb4 Bb7 26. Bg5+ Ke6 27. Bf3 e4 28.
Bg2 Bxd4 29. exd4 Rxg5 30. f4 Rh5 31. Rc3 Nf8 32. Rh3 Rxh3 33. Bxh3 Kf6 34. Nc2
Ne6 35. Ne3 Nxd4 36. Rd1 Nf3 37. Nxd5+ Bxd5 38. Rxd5 e3 39. Rxf5+ Ke7 40. Kg2
Nh4+ 41. Kg3 Nxf5+ 42. Bxf5 Kf6 43. Bd7 Rg8+ 44. Kf3 e2 45. Kxe2 Rg2+ 46. Ke3
Rxb2 47. h3 Rb3+ 48. Ke4 h6 49. h4 Ke7 50. Bc6 Ke6 51. Be8 c3 52. Kd3 Kf5 53.
Kc2 Rxa3 54. Bxb5 Kxf4 55. h5 Ke3 56. Be8 Kd4 57. Bf7 Ra7 58. Bg6 Ra2+ 59. Kc1
Rf2 60. Bh7 Rh2 61. Bg6 Ke5 62. Be8 Kf5 63. Kd1 Kg5 64. Kc1 Rxh5 0-1

[Event "II liga SSCS 2015- zapad"]
[Site "Ravni Gaj"]
[Date "2015.10.11"]
[Round "11.1"]
[White "Zivkovic, Dejan"]
[Black "Pecinar, Zoran"]
[Result "0-1"]
[WhiteElo "2291"]
[BlackElo "2156"]
[PlyCount "112"]
[EventDate "2015.09.04"]

1. d4 g6 2. Nf3 Nf6 3. Bg5 Bg7 4. Nbd2 O-O 5. e4 d6 6. c3 c5 7. dxc5 dxc5 8.
Bc4 Qc7 9. Qe2 h6 10. Bh4 Nh5 11. Bg3 Nxg3 12. hxg3 Nc6 13. Nf1 a6 14. Ne3 e6
15. Ng4 h5 16. Ne3 b5 17. Bd3 Rd8 18. g4 hxg4 19. Nxg4 e5 20. Ne3 Ne7 21. Kf1
Bb7 22. Bc2 Rd7 23. a4 c4 24. Ng5 Nc8 25. Ng4 Qd8 26. Nh7 f6 27. Qf3 Rf7 28.
Qh3 Nd6 29. Rd1 Qe7 30. Nhxf6+ Rxf6 31. Qh7+ Kf8 32. Nxf6 Qxf6 33. Rh3 Nf7 34.
Rf3 Qe6 35. Qh4 Kg8 36. Rg3 Bc6 37. Qg4 Qxg4 38. Rxg4 g5 39. a5 Kf8 40. b4 Ke7
41. Rg3 Bd7 42. Re3 Be6 43. Ree1 g4 44. Ke2 Bh6 45. Rh1 Bg5 46. Rh5 Bf4 47. g3
Bg5 48. Rdh1 Rc8 49. R5h2 Rc6 50. Bd1 Bd7 51. Bc2 Rf6 52. Ra1 Rf3 53. Ra3 Kf8
54. Rh7 Bc1 55. Ra2 Rxc3 56. Bd1 Ba3 0-1

[Event "II liga SSCS 2015- zapad"]
[Site "Ravni Gaj"]
[Date "2015.10.11"]
[Round "11.1"]
[White "Knezevic, Veljko"]
[Black "Ignjatovic, Predrag"]
[Result "1/2-1/2"]
[WhiteElo "2019"]
[BlackElo "2263"]
[PlyCount "98"]
[EventDate "2015.09.04"]

1. e4 e5 2. Nf3 Nc6 3. Bc4 Bc5 4. c3 Nf6 5. d3 d6 6. h3 h6 7. Nbd2 O-O 8. Nf1
Ne7 9. Ng3 Ng6 10. Bb3 c6 11. O-O Re8 12. d4 Bb6 13. Re1 Be6 14. Be3 Qc7 15.
Qc2 Rad8 16. Rad1 Bxb3 17. Qxb3 Rd7 18. dxe5 dxe5 19. Rxd7 Nxd7 20. Nf5 Nc5 21.
Qc4 Ne6 22. Rd1 Rd8 23. Rxd8+ Qxd8 24. Bxb6 axb6 25. Qe2 Nc5 26. Qd2 Qa8 27. b4
Nxe4 28. Qe3 Nf6 29. Nxe5 Qxa2 30. Nd6 Nxe5 31. Qxe5 Qd5 32. Qe7 b5 33. Nxb7
Ne4 34. Qe8+ Kh7 35. Nd8 Qd1+ 36. Kh2 Qd6+ 37. Kg1 Nf6 38. Qh8+ Kg6 39. Nb7
Qd1+ 40. Kh2 Qd2 41. Qf8 Qxc3 42. Qe7 Nd5 43. Qe4+ f5 44. Qe8+ Kh7 45. Nd8 Nxb4
46. Ne6 g5 47. Qf7+ Kh8 48. Qf8+ Kh7 49. Qf7+ Kh8 1/2-1/2

[Event "II liga SSCS 2015- zapad"]
[Site "Ravni Gaj"]
[Date "2015.10.11"]
[Round "11.1"]
[White "Savic, Dragan"]
[Black "Zivanic, Slobodan"]
[Result "1-0"]
[WhiteElo "2116"]
[BlackElo "2201"]
[PlyCount "85"]
[EventDate "2015.09.04"]

1. e4 c5 2. Nf3 e6 3. c3 d5 4. e5 Nc6 5. d4 Qc7 6. Be2 cxd4 7. cxd4 Bb4+ 8. Bd2
Nge7 9. Bxb4 Nxb4 10. Nc3 O-O 11. O-O a6 12. a3 Nbc6 13. Bd3 h6 14. Rc1 Qa5 15.
h4 g6 16. Qd2 Kg7 17. h5 Bd7 18. g3 Be8 19. Kg2 Rh8 20. b4 Qd8 21. b5 axb5 22.
Nxb5 Na5 23. hxg6 fxg6 24. Nc7 Bf7 25. Qf4 Nf5 26. Nxa8 g5 27. Qg4 Qxa8 28.
Bxf5 exf5 29. Qxf5 Qd8 30. e6 Be8 31. Rc5 Nc6 32. Rxd5 Qe7 33. Ne5 Nd8 34. Nc4
Bc6 35. Re1 Rf8 36. Qe5+ Rf6 37. Kg1 Bxd5 38. Qxd5 Rxe6 39. Rxe6 Nxe6 40. Nd6
Kg6 41. Qe4+ Kf6 42. Qe5+ Kg6 43. d5 1-0

[Event "II liga SSCS 2015- zapad"]
[Site "Ravni Gaj"]
[Date "2015.10.11"]
[Round "11.1"]
[White "Pavkov, Nebojsa"]
[Black "Kojic, Djordje"]
[Result "1-0"]
[WhiteElo "2245"]
[BlackElo "1915"]
[PlyCount "91"]
[EventDate "2015.09.04"]

1. g3 Nf6 2. Bg2 g6 3. f4 Bg7 4. e4 d6 5. d4 O-O 6. Ne2 e5 7. O-O Nc6 8. d5 Ne7
9. fxe5 dxe5 10. c4 Ne8 11. Be3 f5 12. Nd2 Nf6 13. Nc3 Ng4 14. Bg5 h6 15. h3
hxg5 16. hxg4 f4 17. b4 a5 18. bxa5 Rxa5 19. Nb3 Ra6 20. Bf3 Raf6 21. Kg2 b6
22. Nd2 Ba6 23. Qa4 Qa8 24. Qb3 Nc8 25. a4 Qa7 26. Ra2 Nd6 27. Rc1 fxg3 28. Nb5
Qb7 29. Rac2 Qc8 30. c5 bxc5 31. Rxc5 Rxf3 32. Nxf3 Qxg4 33. Rxc7 Qxe4 34. Nxd6
Qe2+ 35. Kxg3 g4 36. Nf5 gxf5 37. d6+ Kh7 38. Rh1+ Kg6 39. Qe6+ Bf6 40. Nh4+
Kh6 41. Nxf5+ Kg5 42. Rc3 Bb7 43. Nh4 Qe4 44. Rf1 Bc8 45. d7 Bxd7 46. Qxd7 1-0

[Event "II liga SSCS 2015- zapad"]
[Site "Ravni Gaj"]
[Date "2015.10.11"]
[Round "11.2"]
[White "Bojovic, Dusan"]
[Black "Stojanovic, Marko"]
[Result "1/2-1/2"]
[WhiteElo "2275"]
[BlackElo "2291"]
[PlyCount "127"]
[EventDate "2015.09.04"]

1. e4 b6 2. d4 Bb7 3. Bd3 d5 4. e5 e6 5. c3 c5 6. Nf3 Ne7 7. O-O Nec6 8. a3 Ba6
9. Bxa6 Nxa6 10. b4 Nc7 11. dxc5 bxc5 12. Be3 Qd7 13. Qc2 Be7 14. Rd1 O-O 15.
Nbd2 Qc8 16. bxc5 Rd8 17. Nb3 Qa6 18. Bg5 Bxg5 19. Nxg5 g6 20. Qd2 Qc4 21. Nd4
Qxc5 22. Qf4 Rd7 23. Nxc6 Qxc6 24. Rd3 Ne8 25. Nxh7 f5 26. Ng5 Ng7 27. Rb1 Rc8
28. Qb4 Rdc7 29. f4 Nh5 30. g3 Ng7 31. Qb5 Kf8 32. Kf2 Ke7 33. Ke2 Ne8 34. Kd2
Qc5 35. Qxc5+ Rxc5 36. Rb7+ R8c7 37. Rb4 R7c6 38. Nf3 Nc7 39. Nd4 Rb6 40. Rxb6
axb6 41. a4 Rc4 42. Kc2 Rxa4 43. Kb2 Na6 44. Nc6+ Kd7 45. Nd4 Nc5 46. Rd1 Ne4
47. Kb3 Rc4 48. Ne2 Kc6 49. g4 fxg4 50. Rg1 Nd2+ 51. Kc2 Nf3 52. Rxg4 Re4 53.
Kd1 Kc5 54. Rxg6 Kc4 55. Rxe6 Kd3 56. Nc1+ Kxc3 57. Rc6+ Kd4 58. Ne2+ Ke3 59.
e6 Nd4 60. Nxd4 Rxd4+ 61. Ke1 Kxf4 62. Rxb6 Kf5 63. Rd6 Ke5 64. Ra6 1/2-1/2

[Event "II liga SSCS 2015- zapad"]
[Site "Ravni Gaj"]
[Date "2015.10.11"]
[Round "11.2"]
[White "Ljubinkovic, Miodrag"]
[Black "Toth, Aleksandar"]
[Result "0-1"]
[WhiteElo "2256"]
[BlackElo "2326"]
[PlyCount "68"]
[EventDate "2015.09.04"]

1. d4 Nf6 2. c3 g6 3. Nf3 Bg7 4. Bf4 d6 5. h3 O-O 6. e3 b6 7. Nbd2 Bb7 8. Bc4
c5 9. dxc5 bxc5 10. Qc2 e5 11. Bg5 d5 12. Be2 e4 13. Nh2 h6 14. Bf4 d4 15. cxd4
cxd4 16. exd4 Nc6 17. Nb3 Nd5 18. Qd2 Nxf4 19. Qxf4 Nxd4 20. Nxd4 Qa5+ 21. Kf1
Bxd4 22. Ng4 h5 23. Ne3 Rac8 24. g4 h4 25. Nf5 Bxb2 26. Rd1 Qc5 27. Rg1 Rc7 28.
Qh6 Re8 29. Qxh4 e3 30. fxe3 Qe5 31. Nh6+ Kf8 32. g5 Qxe3 33. Qb4+ Rce7 34.
Qxb2 Qxh3+ 0-1

[Event "II liga SSCS 2015- zapad"]
[Site "Ravni Gaj"]
[Date "2015.10.11"]
[Round "11.2"]
[White "Jovanovic, Miroslav O"]
[Black "Djuric, Zoran"]
[Result "0-1"]
[WhiteElo "2091"]
[BlackElo "2215"]
[PlyCount "136"]
[EventDate "2015.09.04"]

1. d4 d5 2. c4 c6 3. Nc3 e6 4. Nf3 Nf6 5. cxd5 exd5 6. Bg5 Be7 7. Qc2 Na6 8. a3
h6 9. Bh4 Ne4 10. Nxe4 Bxh4 11. Nc3 Bf6 12. e3 Nc7 13. h3 Qe7 14. Bd3 g5 15.
Bf5 Be6 16. Ne2 Nb5 17. g4 h5 18. O-O-O Nd6 19. Rhg1 Bxf5 20. gxf5 O-O-O 21.
Nc3 Kb8 22. Rg2 Rhg8 23. Rdg1 Rg7 24. Ne2 Rh8 25. Kb1 Rhg8 26. Ka2 Qd7 27. Ng3
Rh7 28. Ne5 Qe7 29. Nf3 Rgg7 30. Ne2 Rh8 31. Ka1 a6 32. Ka2 Ne4 33. Ng3 Nd6 34.
Ka1 g4 35. hxg4 Rxg4 36. Ne2 Rxg2 37. Rxg2 h4 38. Nf4 a5 39. Rh2 Qd7 40. Ng2
Qxf5 41. Qxf5 Nxf5 42. Kb1 b6 43. Kc2 a4 44. Nf4 Kc7 45. Ne5 Rh7 46. Rh3 Kd6
47. Nf3 c5 48. Kd3 Rg7 49. Nh5 Rg6 50. Nxf6 Rxf6 51. Nxh4 Nxh4 52. Rxh4 Rxf2
53. dxc5+ bxc5 54. Rxa4 Rxb2 55. Ra7 Rb3+ 56. Kd2 f5 57. Rf7 Ke6 58. Ra7 c4 59.
a4 Ra3 60. Ra6+ Ke5 61. a5 f4 62. exf4+ Kxf4 63. Ra8 Ra2+ 64. Kd1 Ke3 65. a6
Kd3 66. Kc1 c3 67. Kb1 Ra5 68. a7 c2+ 0-1

[Event "II liga SSCS 2015- zapad"]
[Site "Ravni Gaj"]
[Date "2015.10.11"]
[Round "11.2"]
[White "Ilic, Zdravko"]
[Black "Jovanovic, Obrad"]
[Result "1-0"]
[WhiteElo "2131"]
[BlackElo "2080"]
[PlyCount "221"]
[EventDate "2015.09.04"]

1. d4 c5 2. d5 Nf6 3. c4 g6 4. Nc3 Bg7 5. e4 d6 6. f4 O-O 7. Nf3 a6 8. a4 Qc7
9. Bd3 e6 10. O-O exd5 11. exd5 Bg4 12. h3 Bxf3 13. Qxf3 Nbd7 14. Bd2 Rfe8 15.
Kh2 Re7 16. Rfe1 Rae8 17. Rxe7 Rxe7 18. Re1 Qd8 19. Rxe7 Qxe7 20. Qe3 Kf8 21.
g3 Ne8 22. Qxe7+ Kxe7 23. Kg2 b6 24. Kf3 h5 25. g4 hxg4+ 26. hxg4 Bd4 27. b3
Bg7 28. Ne2 Bf6 29. g5 Bg7 30. a5 bxa5 31. Bxa5 Bh8 32. Ng3 Bb2 33. Ne2 Bg7 34.
Ng3 Bd4 35. Bf1 Bb2 36. Bh3 Bh8 37. Ne4 Bg7 38. Nf2 Bd4 39. Nd3 Bg7 40. f5 gxf5
41. Bxf5 Bd4 42. Bg4 Bg7 43. Be1 Nb6 44. Ba5 Nd7 45. Ke4 Bd4 46. Be1 Bg7 47.
Bh4 Nb6 48. Be1 Bd4 49. Ba5 Nd7 50. Bd2 Bg7 51. Bxd7 Kxd7 52. Nf4 Bd4 53. Nh5
Bb2 54. Kf5 Ng7+ 55. Kg4 Nxh5 56. Kxh5 Be5 57. Kh6 Ke7 58. Kh7 Kf8 59. Be1 Ke7
60. Kg8 Ke8 61. Bd2 Ke7 62. Be3 Ke8 63. Bc1 Ke7 64. Bd2 Ke8 65. Kh7 Kd7 66. Be3
Ke7 67. g6 fxg6 68. Kxg6 Bc3 69. Bg5+ Ke8 70. Kf5 Bg7 71. Ke4 Bc3 72. Kd3 Bb4
73. Kc2 Be1 74. Bd2 Bg3 75. Kb2 Kd7 76. Ka3 Kc7 77. Ka4 Bh2 78. Bc3 Bf4 79.
Ba5+ Kb7 80. Bd8 Be5 81. Ba5 Bf4 82. Bc3 Bg3 83. Ka3 Bf4 84. Kb2 Kc7 85. Kc2
Kd7 86. Kd3 Bg3 87. Ke4 Ke7 88. Kf5 Kd7 89. Bd2 Be5 90. Bf4 Bc3 91. Ke4 Bb4 92.
Kd3 Be1 93. Be3 Bh4 94. Bd2 Bg3 95. Ke4 Be5 96. b4 cxb4 97. c5 b3 98. c6+ Kc8
99. Kd3 Kc7 100. Ba5+ Kc8 101. Bb4 Kc7 102. Kd2 Bd4 103. Kd3 Be5 104. Bc3 Bf4
105. Kc4 Be3 106. Ba5+ Kc8 107. Kxb3 Bf2 108. Kc4 Kb8 109. Kd3 Bh4 110. Ke4 Bf2
111. Kf5 1-0

[Event "II liga SSCS 2015- zapad"]
[Site "Ravni Gaj"]
[Date "2015.10.11"]
[Round "11.2"]
[White "Radenkovic, Aleksa"]
[Black "Rikalovic, Dimitrije"]
[Result "1-0"]
[WhiteElo "1947"]
[BlackElo "1996"]
[PlyCount "79"]
[EventDate "2015.09.04"]

1. e4 e5 2. Nf3 Nc6 3. d4 exd4 4. Nxd4 Qf6 5. Be3 Nge7 6. Nc3 Nxd4 7. Bxd4 Qg6
8. g3 Nc6 9. Be3 Bb4 10. Bg2 h5 11. h4 d6 12. O-O Bxc3 13. bxc3 Be6 14. Qe2 O-O
15. Qb5 Rab8 16. Rfe1 a6 17. Qe2 Ne5 18. a4 a5 19. Rab1 b6 20. Bd4 Bc4 21. Qd2
Qg4 22. Qg5 f6 23. Qxg4 hxg4 24. Kh1 Rbe8 25. Rbd1 Re7 26. Bxe5 Rxe5 27. Rd4
Rc5 28. e5 fxe5 29. Rxc4 Rxf2 30. Rxc5 bxc5 31. Be4 Kf7 32. Kg1 Rd2 33. c4 Rd4
34. Kf2 Ke6 35. Bd5+ Kd7 36. Ke2 c6 37. c3 cxd5 38. cxd4 dxc4 39. dxc5 d5 40.
Kd2 1-0

[Event "II liga SSCS 2015- zapad"]
[Site "Ravni Gaj"]
[Date "2015.10.11"]
[Round "11.2"]
[White "Savic, Petar A"]
[Black "Bojovic, Zoran"]
[Result "1-0"]
[WhiteElo "2113"]
[BlackElo "2087"]
[PlyCount "69"]
[EventDate "2015.09.04"]

1. e4 c5 2. Nf3 e6 3. d4 cxd4 4. Nxd4 a6 5. Nc3 Qc7 6. Bd3 Nf6 7. O-O b5 8. a3
Bb7 9. Qe2 Bd6 10. Nf3 Ng4 11. h3 h5 12. Re1 Bc5 13. Nd1 Nc6 14. e5 Nh6 15. c3
Ne7 16. b4 Bb6 17. a4 bxa4 18. c4 a5 19. b5 Nhf5 20. Rxa4 d5 21. exd6 Nxd6 22.
Bf4 h4 23. Ne5 g5 24. Bh2 Qc5 25. Ne3 f5 26. Bc2 Rh6 27. Nd3 Qc7 28. c5 Bxc5
29. Rc4 Qb6 30. Rxc5 Ne4 31. Bc7 Qa7 32. b6 Qa6 33. Ba4+ Kf8 34. Bb5 Nxc5 35.
Nxc5 1-0

[Event "II liga SSCS 2015- zapad"]
[Site "Ravni Gaj"]
[Date "2015.10.11"]
[Round "11.6"]
[White "Vujic, Luka"]
[Black "Simic, Dragisa"]
[Result "1/2-1/2"]
[WhiteElo "2219"]
[BlackElo "2309"]
[PlyCount "130"]
[EventDate "2015.09.04"]

1. c4 Nf6 2. g3 g6 3. Bg2 Bg7 4. Nc3 O-O 5. d4 d6 6. e3 c5 7. Nge2 Nc6 8. d5
Na5 9. b3 a6 10. a4 Rb8 11. O-O Bd7 12. Bd2 e5 13. dxe6 fxe6 14. Ra2 Nc6 15.
Be1 Qc7 16. Rd2 Rfd8 17. Rxd6 Nd4 18. Rxd4 cxd4 19. exd4 b5 20. axb5 axb5 21.
cxb5 Bxb5 22. Nxb5 Rxb5 23. Nf4 Qb6 24. Qe2 Rxb3 25. Nxe6 Re8 26. Bh3 Rb2 27.
Qc4 Qb3 28. Qxb3 Rxb3 29. Nc7 Re7 30. Be6+ Rxe6 31. Nxe6 Nd5 32. Nxg7 Kxg7 33.
Ba5 Rd3 34. Rb1 h5 35. Bd8 Kf7 36. Bg5 Rxd4 37. Re1 Nf6 38. h3 Ra4 39. Kg2 Rc4
40. Re5 Rc7 41. Ra5 Rc6 42. Bf4 Ke6 43. Re5+ Kf7 44. Kf3 Ra6 45. Rc5 Ke6 46.
Re5+ Kf7 47. Be3 Rc6 48. Rc5 Rxc5 49. Bxc5 Nd7 50. Bd4 Nf8 51. Ke4 Ne6 52. h4
Nf8 53. Kd5 Nd7 54. Kd6 Nf8 55. Be3 Kf6 56. Bd4+ Kf5 57. Ke7 Ne6 58. Be3 Nc7
59. Kf7 Nd5 60. Bg5 Nc3 61. f3 Ne2 62. g4+ hxg4 63. fxg4+ Kxg4 64. Kxg6 Nf4+
65. Kh7 Ng2 1/2-1/2

[Event "II liga SSCS 2015- zapad"]
[Site "Ravni Gaj"]
[Date "2015.10.11"]
[Round "11.6"]
[White "Biljanic, Ljubomir"]
[Black "Mladenovic, Sasa D"]
[Result "1-0"]
[WhiteElo "2230"]
[BlackElo "2234"]
[PlyCount "78"]
[EventDate "2015.09.04"]

1. d4 Nf6 2. c4 c5 3. d5 b5 4. cxb5 a6 5. bxa6 Bxa6 6. Nc3 d6 7. g3 g6 8. Nf3
Bg7 9. e4 Bxf1 10. Kxf1 Nbd7 11. Kg2 O-O 12. Re1 Nb6 13. a4 Qd7 14. Nd2 Ng4 15.
a5 Ne5 16. Nb3 Nc8 17. f4 Ng4 18. h3 Nf6 19. e5 Ne8 20. h4 Qb7 21. h5 Nc7 22.
Kh2 Na7 23. hxg6 fxg6 24. a6 Nxa6 25. Na5 Qc7 26. Nc4 Nb4 27. exd6 exd6 28. Re6
Rad8 29. Ne4 Nc8 30. Bd2 Qb7 31. Bxb4 Qxb4 32. Ra4 Qb5 33. b3 Qb8 34. Ra6 Rf5
35. Ncxd6 Nxd6 36. Raxd6 Rh5+ 37. Kg2 Rxd6 38. Nxd6 Qa7 39. Qe2 h6 1-0

[Event "II liga SSCS 2015- zapad"]
[Site "Ravni Gaj"]
[Date "2015.10.11"]
[Round "11.6"]
[White "Stojkovic, Predrag S"]
[Black "Djosic, Slavoljub"]
[Result "1/2-1/2"]
[WhiteElo "2209"]
[BlackElo "2281"]
[PlyCount "43"]
[EventDate "2015.09.04"]

1. d4 d6 2. c4 g6 3. Nf3 Bg7 4. g3 Nc6 5. Bg2 e5 6. dxe5 dxe5 7. Qxd8+ Nxd8 8.
Nc3 c6 9. Bd2 Ne7 10. O-O-O O-O 11. Ne4 a5 12. Bc3 f6 13. Nc5 Re8 14. h3 Ne6
15. Nd7 b5 16. Nb6 Ra6 17. Nxc8 Nxc8 18. Nd2 f5 19. cxb5 cxb5 20. Bd5 Ne7 21.
Bxe6+ Rxe6 22. Kb1 1/2-1/2

[Event "II liga SSCS 2015- zapad"]
[Site "Ravni Gaj"]
[Date "2015.10.11"]
[Round "11.6"]
[White "Rajevic, Gavrilo"]
[Black "Bojic, Zoran"]
[Result "1-0"]
[WhiteElo "2264"]
[BlackElo "2104"]
[PlyCount "67"]
[EventDate "2015.09.04"]

1. e4 c5 2. Nf3 a6 3. c3 d5 4. exd5 Qxd5 5. d4 cxd4 6. cxd4 Nf6 7. Nc3 Qd6 8.
Bc4 e6 9. O-O Be7 10. Re1 b5 11. Bb3 Bb7 12. Bg5 O-O 13. d5 exd5 14. Nxd5 Bxd5
15. Bxd5 Ra7 16. Bb3 Nbd7 17. Qe2 Bd8 18. Rad1 Qb8 19. Nd4 Qa8 20. Qf3 Qxf3 21.
Nxf3 Nc5 22. Bc2 Ne6 23. Be3 Rc7 24. Bf5 Rc6 25. Ne5 Rc8 26. g3 Ba5 27. Re2
Rfe8 28. Rc2 Bb4 29. Rxc8 Rxc8 30. Nd7 Be7 31. Nxf6+ Bxf6 32. b3 b4 33. Rd6 a5
34. Rxe6 1-0

[Event "II liga SSCS 2015- zapad"]
[Site "Ravni Gaj"]
[Date "2015.10.11"]
[Round "11.6"]
[White "Zivanovic, Bojan"]
[Black "Adzic, Momcilo"]
[Result "0-1"]
[WhiteElo "2070"]
[BlackElo "2232"]
[PlyCount "74"]
[EventDate "2015.09.04"]

1. e4 e5 2. Nf3 Nc6 3. Bb5 Nge7 4. O-O a6 5. Bc4 Ng6 6. d4 d6 7. Ng5 f6 8. Nf7
Qe7 9. Nxh8 Nxh8 10. d5 Nb8 11. Be3 g6 12. Nc3 Nf7 13. b4 Nd7 14. b5 a5 15. b6
c6 16. dxc6 bxc6 17. Rb1 Bb7 18. Qd2 h5 19. Rfd1 f5 20. f3 f4 21. Bf2 g5 22.
Ne2 Nf6 23. Nc1 d5 24. exd5 Nxd5 25. Nb3 Qa3 26. Bxd5 cxd5 27. c4 d4 28. Qe2
Be7 29. c5 Qa4 30. Re1 Qd7 31. Qd2 g4 32. Nxa5 Rxa5 33. Qxa5 gxf3 34. c6 Qg4
35. Bg3 fxg3 36. h3 f2+ 37. Kh1 Qxh3+ 0-1

[Event "II liga SSCS 2015- zapad"]
[Site "Ravni Gaj"]
[Date "2015.10.11"]
[Round "11.6"]
[White "Dikic, Veljko"]
[Black "Novakovic, Slobodan"]
[Result "0-1"]
[WhiteElo "1959"]
[BlackElo "2138"]
[PlyCount "120"]
[EventDate "2015.09.04"]

1. e4 e6 2. d4 Nf6 3. e5 Nd5 4. c4 Nb6 5. Nc3 d6 6. exd6 cxd6 7. Nf3 Be7 8. Bd3
Nc6 9. Be3 Nd7 10. a3 b6 11. Qc2 Nf6 12. d5 Ne5 13. Nd4 Nxd3+ 14. Qxd3 O-O 15.
Nc6 Qd7 16. Nxe7+ Qxe7 17. dxe6 Bxe6 18. O-O Ng4 19. Bf4 Ne5 20. Bxe5 dxe5 21.
Rfe1 f6 22. Nd5 Qf7 23. Rad1 Rac8 24. Qe4 Rfd8 25. b3 b5 26. h3 bxc4 27. bxc4
g6 28. a4 Kg7 29. Re2 Rc5 30. Rb2 Bxd5 31. cxd5 Rcxd5 32. Rxd5 Rxd5 33. a5 f5
34. Qa4 Qc7 35. Rb5 Qc1+ 36. Kh2 Rd4 37. Rb7+ Kh6 38. Qb3 Rd1 39. Qe3+ Qxe3 40.
fxe3 Re1 41. Rxa7 Rxe3 42. a6 Ra3 43. Re7 e4 44. a7 g5 45. Kg1 Ra2 46. Kf1 Kg6
47. Kg1 h6 48. Kf1 Kf6 49. Rh7 Ke5 50. Rxh6 Rxa7 51. Rb6 Kf4 52. Rb2 Ra5 53.
Kf2 Rd5 54. g3+ Ke5 55. Rb8 f4 56. Re8+ Kd4 57. gxf4 gxf4 58. Ra8 Rc5 59. Ra4+
Kd3 60. Ra3+ Rc3 0-1